| 000 | 00350cam a2200145ua 4500 | ||
|---|---|---|---|
| 041 |
_aeng _h |
||
| 082 |
_a954 _bRAW/LA |
||
| 100 | _aRawilinsons, H G . | ||
| 245 |
_aLand and people of India / _cH G Rawilinsons. _hTextual Documents |
||
| 260 |
_a : _bLondon Adam , _c1961. |
||
| 300 | _a90 ; . | ||
| 504 | _a | ||
| 942 | _cBK | ||
| 999 |
_c3086 _d3086 |
||